00382nam a2200145Ia 4500008004100000020001500041041001200056082001600068100001800084245006900102260003500171300000800206650001000214700001200224221030s9999 xx 000 0 und d a8121902908 aEnglish a105.23bThe aB. L. Theraja 0aText book of Electrical TechnologybBasic Electrical Engineering bS. Chand & CoaNew Delhic2002 a800 aBB EE aTheraja